مجمع الأمثال / (رقم التسجيلة. 28854)

تفاصيل مارك
000 -LEADER
fixed length control field 00567nam a22001817a 4500
005 - DATE AND TIME OF LATEST TRANSACTION
control field 20251108165457.0
008 - FIXED-LENGTH DATA ELEMENTS--GENERAL INFORMATION
fixed length control field 250721s1959 xx 000 0 ara d
082 14 - DEWEY DECIMAL CLASSIFICATION NUMBER
Classification number م/398.9/م
100 1# - MAIN ENTRY--PERSONAL NAME
Personal name الميداني، أبو الفضل أحمد بن محمد
245 10 - TITLE STATEMENT
Title مجمع الأمثال /
250 ## - EDITION STATEMENT
Edition statement ط2
264 1# - PRODUCTION, PUBLICATION, DISTRIBUTION, MANUFACTURE, AND COPYRIGHT NOTICE
Place of production, publication, distribution, manufacture القاهرة :
Name of producer, publisher, distributor, manufacturer المكتبة التجارية الكبرى،
Date of production, publication, distribution, manufacture, or copyright notice 1959.
300 ## - PHYSICAL DESCRIPTION
Extent
650 17 - SUBJECT ADDED ENTRY--TOPICAL TERM
Topical term or geographic name as entry element الأمثال
700 1# - ADDED ENTRY--PERSONAL NAME
Personal name عبد الحميد، محمد محي الدين
Relator term تحقيق
942 ## - ADDED ENTRY ELEMENTS (KOHA)
Source of classification or shelving scheme Dewey Decimal Classification
Koha item type مراجع
المقتنيات
حالة السحب حالة الفقدان مصدر التصنيف حالة التلف غير قابل للإعارة المكتبة الرئيسية المكتبة الحالية موقع الرف تاريخ التزويد الرقم المتسلسل Total Checkouts رقم الإستدعاء الباركود تاريخ آخر ظهور تاريخ الفاتورة نوع المادة (كوها)
    Dewey Decimal Classification   Not For Loan المكتبة المركزية المكتبة المركزية مراجع 06/07/2004 33875   م/398.9/م 33875 28/07/2025 06/07/2004 مراجع
Implemented & Customized by: BBB with SCIT (Smart Chains for Information Technology)

Powered by Koha